| 000 | 01450nam a2200385 c 4500 | ||
|---|---|---|---|
| 999 |
_c346830 _d346830 |
||
| 003 | BLK | ||
| 005 | 20250602132808.0 | ||
| 008 | 180411b bul|||||r ||||||| ||bul|| | ||
| 010 | _aKNG00176219000 | ||
| 020 | _a9786191931491 | ||
| 040 | _aBLK | ||
| 041 |
_aBUL _cBUL |
||
| 080 |
_aАмериканска литература (на САЩ) _b821.111(73) _x-93-31 _z821.111(73)-93-31 |
||
| 100 | 1 |
_aГрийнуолд, Томи _eпърви автор _9337800 |
|
| 139 |
_aГрийнуолд, Томи _bГ 82 |
||
| 245 | 1 | 0 |
_aНаръчник на Чарли Джо Джаксън за лятната ваканция _cТоми Грийнуолд; ил. Дж. П. Кувърт; прев. Ана Нанева. |
| 257 | _aUSA | ||
| 260 |
_bАртлайн Студиос _c2019 |
||
| 300 |
_a208 с. _c22 см |
||
| 380 | _aDX | ||
| 500 | _aОриг. загл. Charlie Joe Jackson's Guide to Summer Vacation / Tommy Greenwald. | ||
| 653 | _aповести | ||
| 653 | _aлитература за деца | ||
| 653 | _aдетска литература | ||
| 700 | 1 |
_aКувърт, Дж. П. _eил. _985114 |
|
| 700 | 1 |
_aНанева, Ана Неделчева _9337801 |
|
| 852 |
_bД _cДХ 820/899/Г 82 |
||
| 856 | 4 | _qpdf | |
| 856 | 4 | _qpdf | |
| 942 |
_cKNG _n0 _012 _s1 |
||
| 944 |
_aCR _c2019-11-29 _lКети Илиева _k30550 |
||
| 944 |
_aED _c2019-11-29 _l2019-11-29 _kК.Д. |
||
| 999 | _d346830 | ||
| 999 | _d168335 | ||